Diccionario bíblico hebreo-español

Gespeichert in:
Bibliographische Detailangaben
1. Verfasser: Alonso Schökel, Luis (autor)
Format: Buch
Sprache:Spanisch
Hebräisch
Veröffentlicht: Madrid Trotta 1994
Schlagworte:
Tags: Tag hinzufügen
Keine Tags, Fügen Sie den ersten Tag hinzu!

MARC

LEADER 00000nam a2200000 a 4500
001 UCQ2194
003 CL-VaPUC
008 980721e19940000SP |||||||||||||||||spa|d
041 0 7 |a spa  |2 CL-VaPUC 
041 0 7 |a heb  |2 CL-VaPUC 
082 0 4 |a 492.403  |b ALO  |2 21 
100 |a Alonso Schökel, Luis  |e autor  |9 591055 
245 1 0 |a Diccionario bíblico hebreo-español 
300 |a 908 p 
942 |c BK 
945 |d 19980721 00:00:00  |a aalvarez 
260 |a Madrid  |b Trotta  |c 1994 
650 0 |a Diccionarios  |9 256200 
650 0 |a Hebreo   |9 391464 
650 0 |a Español  |9 255372 
583 |a last modification  |c 19980721 00:00:00  |k Rodrigo Vera 
999 |c 273033  |d 273031 
952 |0 0  |1 2  |4 0  |6 492_403000000000000_ALO_1994  |7 0  |8 F  |9 308288  |a BIBTEO  |b BIBTEO  |d 2019-11-20  |i 3438562  |o 492.403 ALO 1994  |p 3438562  |r 2019-11-20  |w 2019-11-20  |y BK_F  |k ICR 
952 |0 0  |1 2  |4 0  |6 492_403000000000000_ALO_1994  |7 0  |8 F  |9 308289  |a BIBTEO  |b BIBTEO  |d 2019-11-20  |i 371702K  |o 492.403 ALO 1994  |p 371702K  |r 2019-11-20  |w 2019-11-20  |y BK_F  |k ICR